EL CIRCO DE DOS PISTAS (Registro nro. 68662)
[ vista simple ]
| 000 -CABECERA | |
|---|---|
| campo de control de longitud fija | 01001nam a22002057a 4500 |
| 003 - IDENTIFICADOR DEL NÚMERO DE CONTROL | |
| campo de control | BPGM |
| 008 - DATOS DE LONGITUD FIJA--INFORMACIÓN GENERAL | |
| campo de control de longitud fija | 260624b1989 mx ||||| |||| 001 0 spa d |
| 020 ## - NÚMERO INTERNACIONAL ESTÁNDAR DEL LIBRO | |
| Número Internacional Estándar del Libro | 968-6140-37-9 |
| 040 ## - FUENTE DE LA CATALOGACIÓN | |
| Centro catalogador/agencia de origen | BPGM |
| Lengua de catalogación | spa |
| 041 ## - CÓDIGO DE LENGUA | |
| Código de lengua del texto/banda sonora o título independiente | spa |
| Código de lengua original | spa |
| 082 04 - NÚMERO DE LA CLASIFICACIÓN DECIMAL DEWEY | |
| Número de clasificación | CQ / 863M / |
| Número de documento/Ítem | B364 / C57 / |
| 100 ## - ENTRADA PRINCIPAL--NOMBRE DE PERSONA | |
| Nombre de persona | BARRIENTOS, JAVIER |
| 245 ## - MENCIÓN DE TÍTULO | |
| Título | EL CIRCO DE DOS PISTAS |
| 300 ## - DESCRIPCIÓN FÍSICA | |
| Extensión | 68 páginas |
| Dimensiones | 21.1 cm x 13.6 cm |
| 336 ## - TIPO DE CONTENIDO | |
| Fuente | rdacontent |
| Término de tipo de contenido | texto |
| Código de tipo de contenido | txt |
| 337 ## - TIPO DE MEDIO | |
| Fuente | rdamedia |
| Nombre/término del tipo de medio | sin mediación |
| Código del tipo de medio | n |
| 338 ## - TIPO DE SOPORTE | |
| Fuente | rdacarrier |
| Nombre/término del tipo de soporte | volumen |
| Código del tipo de soporte | nc |
| 505 ## - NOTA DE CONTENIDO CON FORMATO | |
| Nota de contenido con formato | "EL CIRCO DE DOS PISTAS" (O "EL CIRCO DE TRES PISTAS", DEPENDIENDO DE LA EDICIÓN O ENFOQUE DE LA ANALOGÍA) ES UNA DE LAS OBRAS MÁS DESTACADAS DEL ESCRITOR, ABOGADO Y JURISTA CHILENO JAVIER BARRIENTOS GRANDON. A DIFERENCIA DE LO QUE PODRÍA SUGERIR EL TÍTULO, NO ES UNA NOVELA DE FICCIÓN NI UNA HISTORIA INFANTIL; ES UN ENSAYO CRÍTICO E HISTORIOGRÁFICO PROFUNDO SOBRE LA EVOLUCIÓN DEL DERECHO, LA JUSTICIA Y LAS INSTITUCIONES JURÍDICAS EN HISPANOAMÉRICA. |
| 942 ## - ELEMENTOS DE PUNTO DE ACCESO ADICIONAL (KOHA) | |
| Fuente del sistema de clasificación o colocación | Dewey Decimal Classification |
| Tipo de ítem Koha | Colección Querétaro |
| Estado de retiro | Estado de pérdida | Fuente del sistema de clasificación o colocación | Estado dañado | No para préstamo | Código de colección | Localización permanente | Ubicación/localización actual | Ubicación en estantería | Fecha de adquisición | Fuente de adquisición | Total de préstamos | Signatura topográfica completa | Fecha visto por última vez | Número de copia | Precio válido a partir de | Tipo de ítem Koha |
|---|---|---|---|---|---|---|---|---|---|---|---|---|---|---|---|---|
| Dewey Decimal Classification | Préstamo en Sala | Colecciones Especiales (Quéretaro, IQM, Idiomas, SEP, Inea.) | BIBLIOTECA PÚBLICA CENTRAL ESTATAL “FRANCISCO CERVANTES” | BIBLIOTECA PÚBLICA CENTRAL ESTATAL “FRANCISCO CERVANTES” | SALA QUERÉTARO ACCESO B PLANTA ALTA | 06/24/2026 | DGB | CQ / 863M / B364 / C57 / | 06/24/2026 | EJ. 1 | 06/24/2026 | Colección Querétaro | ||||
| Dewey Decimal Classification | Préstamo en Sala | Colecciones Especiales (Quéretaro, IQM, Idiomas, SEP, Inea.) | BIBLIOTECA PÚBLICA CENTRAL ESTATAL “FRANCISCO CERVANTES” | BIBLIOTECA PÚBLICA CENTRAL ESTATAL “FRANCISCO CERVANTES” | SALA QUERÉTARO ACCESO B PLANTA ALTA | 06/24/2026 | DGB | CQ / 863M / B364 / C57 / | 06/24/2026 | EJ. 2 | 06/24/2026 | Colección Querétaro |